00222nam a22000857a 4500100001700000245004700017260002600064300000700090650003900097 aPerera,B.B.R aSea water based manufacturing of chemicals aColombobIChemcc2018 a15 asea wateramanufacturing chemicals